<?xml version="1.0" encoding="UTF-8"?><?xml-stylesheet type="text/xsl" href="static/style.xsl"?><OAI-PMH xmlns="http://www.openarchives.org/OAI/2.0/" xmlns:xsi="http://www.w3.org/2001/XMLSchema-instance" xsi:schemaLocation="http://www.openarchives.org/OAI/2.0/ http://www.openarchives.org/OAI/2.0/OAI-PMH.xsd"><responseDate>2026-04-17T02:27:08Z</responseDate><request verb="GetRecord" identifier="oai:www.recercat.cat:10256/22957" metadataPrefix="marc">https://recercat.cat/oai/request</request><GetRecord><record><header><identifier>oai:recercat.cat:10256/22957</identifier><datestamp>2024-06-14T08:54:04Z</datestamp><setSpec>com_2072_452955</setSpec><setSpec>com_2072_2054</setSpec><setSpec>col_2072_453061</setSpec></header><metadata><record xmlns="http://www.loc.gov/MARC21/slim" xmlns:dcterms="http://purl.org/dc/terms/" xmlns:xsi="http://www.w3.org/2001/XMLSchema-instance" xmlns:doc="http://www.lyncode.com/xoai" xsi:schemaLocation="http://www.loc.gov/MARC21/slim http://www.loc.gov/standards/marcxml/schema/MARC21slim.xsd">
   <leader>00925njm 22002777a 4500</leader>
   <datafield ind2=" " ind1=" " tag="042">
      <subfield code="a">dc</subfield>
   </datafield>
   <datafield ind2=" " ind1=" " tag="720">
      <subfield code="a">Meulman, Edwin</subfield>
      <subfield code="e">author</subfield>
   </datafield>
   <datafield ind2=" " ind1=" " tag="720">
      <subfield code="a">Renart Canalias, Jordi</subfield>
      <subfield code="e">author</subfield>
   </datafield>
   <datafield ind2=" " ind1=" " tag="720">
      <subfield code="a">Carreras Blasco, Laura</subfield>
      <subfield code="e">author</subfield>
   </datafield>
   <datafield ind2=" " ind1=" " tag="720">
      <subfield code="a">Zurbitu González, Javier</subfield>
      <subfield code="e">author</subfield>
   </datafield>
   <datafield ind2=" " ind1=" " tag="260">
      <subfield code="c">2023-04-28</subfield>
   </datafield>
   <datafield ind2=" " ind1=" " tag="520">
      <subfield code="a">Understanding the performance of a bonded joint over time is essential for the design of durable bonded joints and maintenance protocols. Viscoelastic creep crack growth and how it affects the mechanical behaviours of an adhesive is relevant information for a durable design. For this purpose, a method to obtain the average crack growth rate (&#xd;
) as a function of the energy release rate (&#xd;
) was developed. The proposed roller wedge driven (RWD) creep crack growth methodology can provide creep crack growth rate curves for a constant applied energy release rate. The RWD test setup was designed by the authors to test mode I DCB-like specimens by using a roller wedge. An advantage of using a moving wedge is that, on average, the crack growth rate equals the displacement rate of the wedge. By changing &#xd;
 for different specimens, a &#xd;
 vs &#xd;
 curve can be obtained for the methacrylate adhesive Araldite 2021–1. The power law regression line of the &#xd;
 vs &#xd;
 curve provides a Pariś law-like equation. Data have shown that applying an energy release rate that is relatively low compared to the fracture toughness of Araldite 2021–1, found by quasi-static testing, will result in creep crack growth. Furthermore, a transition from cohesive to adhesive failure has been observed when the applied energy release rate is lowered. For durability design of bonded joints it must be considered that only using data from quasi-static testing will very likely overestimate the durability of the bonded joint</subfield>
   </datafield>
   <datafield ind2=" " ind1=" " tag="520">
      <subfield code="a">The authors would like to acknowledge the support of the Spanish Government through the Ministerio de Ciencia, Innovación y Universidades under the contract PID2021-127879OB-C21 and Grant RYC2021-032171-I funded by MCIN/AEI/ 10.13039/501100011033 and by “European Union NextGenerationEU/PRTR. The first author would also like to acknowledge the support&#xd;
received from the Universitat de Girona and Banco Santander through the fellowship grant IFUdG2021-AE, co-funded by the AMADE research group (GRCT0064). The work in this&#xd;
research has been made possible by patent 300352094, PCT/ES2020/070074 made available by IKERLAN, S.COOP. (IKER018) and the Universitat de Girona. Furthermore, the authors like to acknowledge the support from the AMADE research group testing laboratory. &#xd;
&#xd;
Open Access funding provided thanks to the CRUE-CSIC agreement with Elsevier.</subfield>
   </datafield>
   <datafield ind1="8" ind2=" " tag="024">
      <subfield code="a">http://hdl.handle.net/10256/22957</subfield>
   </datafield>
   <datafield tag="653" ind2=" " ind1=" ">
      <subfield code="a">Assaigs de materials</subfield>
   </datafield>
   <datafield tag="653" ind2=" " ind1=" ">
      <subfield code="a">Materials -- Testing</subfield>
   </datafield>
   <datafield tag="653" ind2=" " ind1=" ">
      <subfield code="a">Mecànica de fractura</subfield>
   </datafield>
   <datafield tag="653" ind2=" " ind1=" ">
      <subfield code="a">Fracture mechanics</subfield>
   </datafield>
   <datafield ind2="0" ind1="0" tag="245">
      <subfield code="a">A methodology for the experimental characterization of energy release rate-controlled creep crack growth under mode I loading</subfield>
   </datafield>
</record></metadata></record></GetRecord></OAI-PMH>